000 00615nam a2200253Ia 4500
003 OSt
005 20220912152254.0
006 a|||||r|||| 00| 0
007 ta
008 220909b |||||||| |||| 00| 0 eng d
024 _a54531
037 _cTextual
040 _aCSL
_beng
_cCSL
041 _aeng
082 _aK862:12.58, K5
100 _aPavlovskii E N
245 0 _aFauna of the USSR
260 _c1965
300 _ap.
_ccm.
650 _aZoology
700 _a Shtakelberg A A
942 _hK862:12.58, K5
_cTEXL
_2CC
999 _c83496
_d83496